L'avenir de la zone rouble: les mutations d'une zone fermée.

Rubľová oblasť je oblasťou výmenného hospodárstva. RVHP zrušená od r. 1991. Zrušenie spoločných finančných organizácií RVHP. Tvorba cien ex post. Kríza RVHP nevyhnutná. Pasívny prebytok ZSSR voči krajinám RVHP. (Techniques financieres et développement 1990, č. 21.).

Gespeichert in:
Bibliographische Detailangaben
1. Verfasser: Ricoeur, N.
Format: Buchkapitel
Sprache:Französisch
Schlagworte:
Tags: Tag hinzufügen
Keine Tags, Fügen Sie das erste Tag hinzu!

MARC

LEADER 00000naa a2200000 4500
001 r004685
005 20221125091616.2
041 0 |a fre 
044 |a FR 
245 1 0 |a L'avenir de la zone rouble: les mutations d'une zone fermée.  |c N. Ricoeur 
520 |a Rubľová oblasť je oblasťou výmenného hospodárstva. RVHP zrušená od r. 1991. Zrušenie spoločných finančných organizácií RVHP. Tvorba cien ex post. Kríza RVHP nevyhnutná. Pasívny prebytok ZSSR voči krajinám RVHP. (Techniques financieres et développement 1990, č. 21.). 
610 2 0 |a oblasti menové 
610 2 0 |a rubeľ 
610 2 0 |a východná Európa 
610 2 0 |a bilancia platobná 
610 2 0 |a ZSSR 
100 1 |a Ricoeur, N.